000 00410nam a22001697a 4500
003 OSt
008 260416b |||||||| |||| 00| 0 eng d
082 _a581.2326
_bB51S
100 _aBharti, Nitu
245 _aStudies on Leaf Blight of Sunflower
260 _aPusa, Samastipur
_bRAU, Pusa
_c2006
300 _a51P.
502 _bMsc.
_d2006
650 _aPlant Pathology
650 _aMsc.
942 _2ddc
_cT
999 _c50061
_d50061